01158cam a22003257a 4500003000500000005001700005008004100022010001000063011001000073035001000083040000900093082001700102100003500119245009000154260004400244300001000288490004300298590004100341590004100382590004100423590004200464650003600506650003400542830005000576901000700626942001000633949005400643999001700697952011800714CHAP20220329134600.0971013s1907 r 00010 d a22522 a23494 a27590 cCHAP a338.1748bA800aAugé-Laribé, Michel.9832713aLe probléme agraire du socialisme. La viticulture industrielle du midi de la France aParis :bV. Giard et E. Briére,c1907 a362 p 0aBibliotheque socialiste internationale aBATCH-UPDb10c20130110lUCH01h2033 aBATCH-UPDb10c20130410lUCH01h1349 aBATCH-UPDb10c20130914lUCH01h1957 aCONVERSIONb10c20130109lUCH01h131314aAgricultura y socialismo.9207714aViticulturaxFrancia.91200590 aBibliotheque socialiste internationale912584 aBK cLIBRO a338.1748 A8bBCcBPPd-63960eBPPh5832i27590si c22522d22522 00102ddc4051708FRaBCbBCd2019-12-31fLIBROl0o338.1748 A8p-63960r2019-12-31 00:00:00w2019-12-31yLIBRO